LEADER 01185nam2 2200325 450 001 000033966 005 20220308155455.0 010 $a978-90-04-15376-4 100 $a20211119d2006----km-y0itay50------ba 101 0 $aeng 102 $aNL 105 $ay-------001yy 200 1 $aInternational law for humankind 2$etowards a new Jus gentium$egeneral course on public international law Part 2$fby Antônio Augusto Cançado Trindade 210 $aLeiden$aBoston$cM. Nijhoff$d2006 215 $aTome 317 p. 9-312$d24 cm 225 2 $aRecueil des cours$vTome 317 (2005) 410 0$12001$aRecueil des cours$d2006 423 0$1001000033989 461 0$1001000011982 500 10$aInternational law for humankind$941073 610 1 $aDiritto internazionale pubblico$aUomo 676 $a341$v20 700 1$aCançado Trindade,$bAntônio Augusto$0405349 712 02$aAcademie de droit international de la Haye 712 02$aHague Academy of International Law 801 0$aIT$bUNIPARTHENOPE$gRICA$2UNIMARC 912 $a000033966 951 $asettore periodici in Recueil des cours$b40861/2005$cNAVA1$d2011 996 $aInternational law for humankind$941073 997 $aUNIPARTHENOPE